000
00319 a2200109 4500
001
ART_46338
005
20260410161808.0
008
260409a
245
1
0
_a
Sanciones al síndico concursal
100
1
_a
Ferro, Carlos A.
773
0
_t
Doctrina Societaria y Concursal
_g
- N°366 (mayo 2018)
_w
REV4298
999
_c
21234
_d
21234